[Event "Int. Championship of Central Serbia - O"]
[Site "Paracin"]
[Date "2011.07.09"]
[Round "3.8"]
[White "Tomic, Slobodan"]
[Black "Pavlovic, S."]
[Result "1-0"]
[WhiteElo "2082"]
[BlackElo "1841"]
[PlyCount "67"]
[EventDate "2011.07.08"]

1. c4 c5 2. Nc3 Nc6 3. Nf3 Nf6 4. d4 cxd4 5. Nxd4 e5 6. Nc2 Bc5 7. g3 d6 8. Bg2
Bd7 9. O-O h6 10. b3 Qe7 11. Rb1 a6 12. b4 Ba7 13. b5 axb5 14. Nxb5 Bb8 15. Ba3
Rxa3 16. Nbxa3 Nd8 17. Bxb7 Nxb7 18. Rxb7 O-O 19. Ne3 Qe6 20. Nd5 Qh3 21. f3
Nh5 22. Rf2 Kh8 23. Qb1 Bf5 24. e4 Nxg3 25. hxg3 Qxg3+ 26. Rg2 Qxf3 27. exf5
Qxa3 28. Rxb8 Qa7+ 29. Rb6 Rc8 30. Qb4 Rc5 31. Rb7 Qa6 32. Qb6 Qxc4 33. Qd8+
Kh7 34. Rxg7+ 1-0

[Event "Int. Championship of Central Serbia - OP"]
[Site "Paracin"]
[Date "2011.07.09"]
[Round "3.3"]
[White "Gagic, Miroljub"]
[Black "Majstorovic, Dusan"]
[Result "1/2-1/2"]
[WhiteElo "1872"]
[BlackElo "2067"]
[PlyCount "64"]
[EventDate "2011.07.08"]

1. e4 e5 2. Nf3 Nc6 3. Bc4 Nf6 4. Ng5 d5 5. exd5 Na5 6. Bb5+ c6 7. dxc6 bxc6 8.
Be2 h6 9. Nf3 e4 10. Ne5 Qd4 11. f4 Bd6 12. c3 Qb6 13. b4 Nb7 14. Nc4 Qc7 15.
Nxd6+ Qxd6 16. O-O O-O 17. d4 Rd8 18. Qc2 Bf5 19. Na3 Qe6 20. Qb3 Nd5 21. Nc2
a5 22. Ne3 axb4 23. Nxd5 cxd5 24. cxb4 Qb6 25. Bb2 Nd6 26. a4 Bd7 27. Rfc1 Nf5
28. a5 Qa7 29. Rc5 Rab8 30. Rac1 Nd6 31. Rc7 Qxa5 32. bxa5 Rxb3 1/2-1/2

[Event "Int. Championship of Central Serbia - OP"]
[Site "Paracin"]
[Date "2011.07.09"]
[Round "3.4"]
[White "Djordjevic, Danilo"]
[Black "Blagojevic, Tijana"]
[Result "0-1"]
[WhiteElo "1996"]
[BlackElo "1836"]
[PlyCount "162"]
[EventDate "2011.07.08"]

1. e4 e5 2. Nc3 Nf6 3. Bc4 Nc6 4. d3 Na5 5. Bg5 Nxc4 6. dxc4 Bb4 7. Nge2 h6 8.
Bxf6 Qxf6 9. O-O c6 10. a3 Ba5 11. b4 Bc7 12. Qd3 O-O 13. Rad1 Qe7 14. Ng3 d6
15. Nce2 Be6 16. f4 exf4 17. Nxf4 Rad8 18. Rde1 a5 19. Qc3 Qg5 20. Nf5 Bxf5 21.
exf5 d5 22. Nh3 Qf6 23. Qxf6 gxf6 24. Re7 Bd6 25. Rxb7 axb4 26. axb4 dxc4 27.
Rb6 c5 28. b5 Be5 29. Nf4 Rd2 30. Nh5 Rxc2 31. Nxf6+ Bxf6 32. Rxf6 Kg7 33. Rc6
Rd8 34. f6+ Kg6 35. h4 Rdd2 36. Kh2 Rxg2+ 37. Kh3 Rcf2 38. Rc1 Rh2+ 39. Kg3
Rfg2+ 40. Kf4 Rxh4+ 41. Ke5 c3 42. Rxc3 Rb4 43. R3xc5 Rxb5 44. Rxb5 Rg5+ 45.
Kf4 Rxb5 46. Kg4 Rf5 47. Rc8 Rg5+ 48. Kf4 Kxf6 49. Rc6+ Kg7 50. Rc7 Kg6 51.
Rc6+ f6 52. Kf3 h5 53. Rc4 Rg1 54. Rc8 Ra1 55. Rg8+ Kf5 56. Rg7 Ra3+ 57. Kf2
Kf4 58. Kg2 h4 59. Rh7 Rg3+ 60. Kf2 Rf3+ 61. Kg2 h3+ 62. Kh2 f5 63. Re7 Re3 64.
Rh7 Kg4 65. Rg7+ Kf4 66. Rg8 Ke4 67. Re8+ Kf3 68. Rf8 f4 69. Rf6 Re8 70. Rg6
Kf2 71. Kh1 f3 72. Rb6 Re4 73. Rb2+ Kg3 74. Rb1 h2 75. Rc1 Kh3 76. Rb1 Rg4 77.
Rf1 Rg1+ 78. Rxg1 hxg1=Q+ 79. Kxg1 Kg3 80. Kh1 Kf2 81. Kh2 Ke2 0-1

[Event "Int. Championship of Central Serbia - OP"]
[Site "Paracin"]
[Date "2011.07.09"]
[Round "3.5"]
[White "Radovic, Janko"]
[Black "Bratkovic, Sham"]
[Result "1/2-1/2"]
[WhiteElo "1985"]
[BlackElo "1792"]
[PlyCount "69"]
[EventDate "2011.07.08"]

1. e4 e5 2. Nf3 Nc6 3. Bc4 Nf6 4. d4 exd4 5. O-O Nxe4 6. Re1 d5 7. Bxd5 Qxd5 8.
Nc3 Qh5 9. Nxe4 Be6 10. Bg5 Bd6 11. c4 h6 12. Bf6 Bxh2+ 13. Nxh2 Qxd1 14. Raxd1
gxf6 15. Nxf6+ Kf8 16. b3 h5 17. Nd5 Bxd5 18. cxd5 Nb4 19. Re5 c5 20. dxc6 Nxc6
21. Rb5 b6 22. Nf3 Rd8 23. Ne5 Nxe5 24. Rxe5 Rh6 25. Rd3 Kg7 26. Kf1 Rd7 27.
Rf5 Rh8 28. Ke2 Kg6 29. Rf4 Rhd8 30. Rg3+ Kh6 31. Rf6+ Kh7 32. Rf5 Kh6 33. Rh3
Kg6 34. Rhxh5 d3+ 35. Kd2 1/2-1/2

[Event "Int. Championship of Central Serbia - OP"]
[Site "Paracin"]
[Date "2011.07.09"]
[Round "3.6"]
[White "Arsic, Djordje"]
[Black "Zivkovic, Zivojin"]
[Result "1-0"]
[WhiteElo "1854"]
[BlackElo "1984"]
[PlyCount "45"]
[EventDate "2011.07.08"]

1. e4 d6 2. d4 Nf6 3. Nc3 g6 4. f4 Bg7 5. Nf3 O-O 6. Bd3 Bg4 7. h3 Bxf3 8. Qxf3
Nfd7 9. e5 c6 10. Be3 d5 11. g4 e6 12. O-O-O b5 13. f5 exf5 14. gxf5 b4 15. Nb1
Re8 16. h4 Qe7 17. Rde1 Qf8 18. h5 c5 19. Qxd5 c4 20. Qxc4 Nb6 21. Qb3 a5 22.
a4 N8d7 23. hxg6 1-0

[Event "Int. Championship of Central Serbia - OP"]
[Site "Paracin"]
[Date "2011.07.09"]
[Round "3.8"]
[White "Bratkovic, Jakob"]
[Black "Kosir, Franci"]
[Result "1-0"]
[WhiteElo "1838"]
[BlackElo "1978"]
[PlyCount "51"]
[EventDate "2011.07.08"]

1. e4 c6 2. d4 d5 3. Nc3 dxe4 4. Nxe4 Bf5 5. Ng3 Bg6 6. h4 h6 7. Nf3 Nd7 8. h5
Bh7 9. Bd3 Bxd3 10. Qxd3 e6 11. Bf4 Qa5+ 12. Bd2 Qc7 13. O-O-O Ngf6 14. Ne4 Be7
15. Kb1 O-O 16. Rdf1 Nxe4 17. Qxe4 Nf6 18. Qe2 c5 19. g4 Nh7 20. g5 hxg5 21.
Nxg5 Nxg5 22. Bxg5 cxd4 23. Bh6 Bf6 24. Bxg7 Bxg7 25. h6 Qf4 26. hxg7 1-0

[Event "Int. Championship of Central Serbia - OP"]
[Site "Paracin"]
[Date "2011.07.09"]
[Round "3.9"]
[White "Jovic, Slavko"]
[Black "Gajic, Bozur"]
[Result "1-0"]
[WhiteElo "1957"]
[BlackElo "1723"]
[PlyCount "109"]
[EventDate "2011.07.08"]

1. e4 c5 2. d4 cxd4 3. c3 dxc3 4. Nxc3 Nc6 5. Nf3 a6 6. Bc4 e6 7. Bf4 d6 8. Qe2
Nf6 9. O-O Nh5 10. Be3 Be7 11. Rfd1 b5 12. Bb3 b4 13. Na4 Rb8 14. Rac1 Na5 15.
Bb6 Rxb6 16. Nxb6 Bb7 17. Ba4+ Kf8 18. Nd7+ Kg8 19. Nc5 Qb6 20. Nxb7 Nxb7 21.
Rc8+ Bf8 22. Rc6 Nf4 23. Rxb6 Nxe2+ 24. Kf1 Nc5 25. Kxe2 Nxa4 26. Rxb4 Nc5 27.
e5 d5 28. Rb8 g6 29. Rc1 Kg7 30. Rxf8 Rxf8 31. Rxc5 Rb8 32. b3 h6 33. Rc7 g5
34. Nd4 Kg6 35. Kd3 h5 36. Rc6 a5 37. Ra6 Rc8 38. Rxa5 Rc1 39. Kd2 Rg1 40. g3
Rg2 41. Ke2 Rxh2 42. Ra8 Kg7 43. Nf3 Rh1 44. Nxg5 h4 45. gxh4 Rxh4 46. a4 Rb4
47. a5 Rxb3 48. a6 Kg6 49. Rg8+ Kf5 50. a7 Ra3 51. a8=Q Rxa8 52. Rxa8 Kxg5 53.
Ke3 Kf5 54. f4 d4+ 55. Kxd4 1-0

[Event "Int. Championship of Central Serbia - OP"]
[Site "Paracin"]
[Date "2011.07.09"]
[Round "3.10"]
[White "Franca, Veronika"]
[Black "Cvetkovski, Slobodan"]
[Result "0-1"]
[WhiteElo "1802"]
[BlackElo "1957"]
[PlyCount "68"]
[EventDate "2011.07.08"]

1. d4 d5 2. c4 e6 3. cxd5 exd5 4. Nc3 Nf6 5. Bg5 Be7 6. e3 O-O 7. Bd3 c6 8. Qc2
h6 9. Bf4 Re8 10. Nge2 Nbd7 11. f3 Nb6 12. O-O Be6 13. Bg3 Bd6 14. h3 Qd7 15.
e4 dxe4 16. fxe4 Bb4 17. a3 Bxc3 18. bxc3 Bc4 19. e5 Bxd3 20. Qxd3 Rxe5 21. Bh4
Rae8 22. Bxf6 Rxe2 23. Qg3 g6 24. Qh4 Kh7 25. Be5 Nc4 26. Bf4 h5 27. Qg5 Qd5
28. Qh6+ Kg8 29. Rf3 Re1+ 30. Rxe1 Rxe1+ 31. Kf2 Re6 32. Bg5 f5 33. Rg3 Nd6 34.
Kg1 Nf7 0-1

[Event "Int. Championship of Central Serbia - OP"]
[Site "Paracin"]
[Date "2011.07.09"]
[Round "3.13"]
[White "Krstic, Aca"]
[Black "Draskovic, Davor"]
[Result "1-0"]
[WhiteElo "2074"]
[BlackElo "1778"]
[PlyCount "111"]
[EventDate "2011.07.08"]

1. e4 c5 2. Nf3 d6 3. d4 cxd4 4. Nxd4 Nf6 5. Nc3 g6 6. Bc4 Bg7 7. O-O O-O 8.
Bb3 Nc6 9. Nxc6 bxc6 10. f3 Nd7 11. Be3 Ne5 12. Qd2 a5 13. a4 Ba6 14. Rfd1 Bc4
15. f4 Bxb3 16. fxe5 Be6 17. exd6 Bg4 18. dxe7 Qxe7 19. Qd6 Qb7 20. Rdb1 Rfe8
21. Qc5 Re5 22. Qc4 Be6 23. Qf1 Rd8 24. Qf2 Rh5 25. Ne2 Qb4 26. Ng3 Rh4 27. c3
Qe7 28. Rd1 Rxd1+ 29. Rxd1 Bb3 30. Rd2 Be5 31. Bd4 Bxg3 32. Qxg3 Rxe4 33. Qb8+
Qe8 34. Qxb3 Rxd4 35. Qd1 Rxd2 36. Qxd2 Qe4 37. b4 Qb1+ 38. Kf2 Qf5+ 39. Ke1
Qe4+ 40. Kf2 Qf5+ 41. Ke3 Qe5+ 42. Kf3 Qf5+ 43. Qf4 Qd3+ 44. Qe3 Qd5+ 45. Kg3
Qd6+ 46. Kh3 axb4 47. cxb4 Qxb4 48. Qe8+ Kg7 49. Qxc6 h5 50. Kg3 Qe1+ 51. Kf3
Qf1+ 52. Ke3 Qg1+ 53. Kd3 Qxh2 54. Kc4 Qf4+ 55. Kb3 Qe3+ 56. Qc3+ 1-0

[Event "Int. Championship of Central Serbia - OP"]
[Site "Paracin"]
[Date "2011.07.09"]
[Round "3.14"]
[White "Lukic, Milutin"]
[Black "Vidic, Teja"]
[Result "1-0"]
[WhiteElo "2026"]
[BlackElo "1797"]
[PlyCount "120"]
[EventDate "2011.07.08"]

1. d4 Nf6 2. Nf3 e6 3. Bg5 h6 4. Bh4 c5 5. e3 b6 6. c3 Bb7 7. Nbd2 cxd4 8. exd4
d6 9. Bb5+ Bc6 10. Bxf6 Qxf6 11. Qa4 Bxb5 12. Qxb5+ Nd7 13. Qc6 Qd8 14. Nc4 d5
15. Nce5 Rc8 16. Qa4 Qc7 17. O-O Bd6 18. Rfe1 Qb7 19. Nxd7 Qxd7 20. Qb3 O-O 21.
g3 b5 22. a3 a5 23. Re2 Rb8 24. Ne1 b4 25. cxb4 axb4 26. a4 Rfc8 27. Rc2 Qa7
28. Qd3 Rxc2 29. Nxc2 b3 30. Ne3 Rb4 31. a5 Bc7 32. Qc3 Rb6 33. Ra3 Ra6 34.
Rxb3 Rxa5 35. Qc6 Ra1+ 36. Kg2 Qa4 37. Rb5 g6 38. b3 Qa6 39. Qe8+ Kg7 40. Rc5
Qb7 41. Qe7 Ra7 42. Ng4 Bb6 43. Qf6+ Kh7 44. Rb5 Qc7 45. Rb4 Qd8 46. Qf4 h5 47.
Qh6+ Kg8 48. Ne5 Qd6 49. Nd3 Ra3 50. Qc1 Ra7 51. Qc8+ Kg7 52. Qe8 Qd8 53. Qc6
Bc7 54. Nc5 Qa8 55. Qxa8 Rxa8 56. Rb7 Bd6 57. Nxe6+ Kf6 58. Nc5 Rc8 59. b4 Rb8
60. Rxb8 Bxb8 1-0

[Event "Int. Championship of Central Serbia - OP"]
[Site "Paracin"]
[Date "2011.07.09"]
[Round "3.15"]
[White "Zajic, Milun"]
[Black "Trpkovic, Miroljub"]
[Result "1-0"]
[WhiteElo "1779"]
[BlackElo "1991"]
[PlyCount "103"]
[EventDate "2011.07.08"]

1. c4 c5 2. g3 e6 3. Bg2 Nf6 4. e3 d5 5. cxd5 exd5 6. d4 Nc6 7. Ne2 Bg4 8. dxc5
Bxc5 9. O-O Qd7 10. Nbc3 Rd8 11. Re1 Ne5 12. Qa4 Qxa4 13. Nxa4 Nd3 14. Rd1 Nxc1
15. Rdxc1 Bxe3 16. fxe3 Bxe2 17. Rc7 a6 18. Rxb7 O-O 19. Re1 Bb5 20. Nc3 Rfe8
21. Nxb5 axb5 22. Rxb5 d4 23. e4 d3 24. Rd1 d2 25. Bf3 Rd3 26. Kf2 h5 27. h3
Nxe4+ 28. Bxe4 Rxe4 29. Rb3 Rd5 30. Re3 Rc4 31. Ke2 Rc2 32. Rd3 Re5+ 33. Kf3
Rf5+ 34. Ke4 Rf2 35. Ke3 Rg2 36. R1xd2 Rcxd2 37. Rxd2 Rxg3+ 38. Kd4 Rxh3 39. b4
g5 40. b5 Ra3 41. b6 Ra8 42. Kc5 h4 43. b7 Rb8 44. Kc6 h3 45. a4 g4 46. a5 g3
47. Rd3 g2 48. Rg3+ Kf8 49. a6 h2 50. a7 g1=Q 51. axb8=Q+ Ke7 52. Qe5+ 1-0

[Event "Int. Championship of Central Serbia - OP"]
[Site "Paracin"]
[Date "2011.07.09"]
[Round "3.16"]
[White "Mijovic, Cedomir"]
[Black "Brcar, Matej"]
[Result "1-0"]
[WhiteElo "1981"]
[BlackElo "1576"]
[PlyCount "95"]
[EventDate "2011.07.08"]

1. e4 e5 2. d4 exd4 3. Nf3 c5 4. Bc4 Nf6 5. e5 d5 6. Bb5+ Bd7 7. Bxd7+ Nfxd7 8.
c3 dxc3 9. Nxc3 d4 10. Ne4 Be7 11. O-O O-O 12. Bf4 Nc6 13. Bg3 Qb6 14. b3 a5
15. Re1 a4 16. Rb1 a3 17. e6 fxe6 18. Neg5 Rf6 19. Nxe6 Nb4 20. Nxg7 Kxg7 21.
Rxe7+ Rf7 22. Rxf7+ Kxf7 23. Qd2 Re8 24. h4 Qa6 25. Rd1 d3 26. Qf4+ Qf6 27. Qc7
Qe7 28. Qxb7 Nf6 29. Qb6 Qe2 30. Rd2 Qe7 31. Be5 Nd7 32. Qc7 Nf6 33. Qa5 Ne4
34. Rd1 Nc6 35. Qxa3 Nxe5 36. Nxe5+ Qxe5 37. Rxd3 Kg6 38. Qa6+ Re6 39. Qc4 Qf5
40. Rf3 Qe5 41. Qc2 Kg7 42. a4 Rd6 43. g3 Nd2 44. Rf5 Qe4 45. Qxc5 Rc6 46. Qf8+
Kg6 47. Qf7+ Kh6 48. Rh5# 1-0

[Event "Int. Championship of Central Serbia - OP"]
[Site "Paracin"]
[Date "2011.07.09"]
[Round "3.20"]
[White "Blagojevic, Nikola"]
[Black "Cokan, Mirko"]
[Result "1/2-1/2"]
[WhiteElo "1567"]
[BlackElo "1846"]
[PlyCount "80"]
[EventDate "2011.07.08"]

1. e4 e5 2. Nf3 Nc6 3. d4 exd4 4. Nxd4 Bc5 5. Be3 Qf6 6. c3 Nge7 7. Bc4 Ne5 8.
Bb3 Qg6 9. O-O d6 10. f3 O-O 11. Qe2 Bd7 12. Nd2 a6 13. Nc4 Nxc4 14. Bxc4 Nc6
15. Nxc6 Bxe3+ 16. Qxe3 Bxc6 17. Qd2 Rad8 18. Bd5 Bxd5 19. Qxd5 c6 20. Qb3 Rd7
21. Rfd1 Re8 22. Re1 Rde7 23. Kf2 Kh8 24. Rad1 h6 25. Qc4 d5 26. exd5 Qc2+ 27.
Kf1 Rxe1+ 28. Rxe1 Rxe1+ 29. Kxe1 Qb1+ 30. Kf2 Qxb2+ 31. Kg3 cxd5 32. Qxd5 Qxc3
33. Qxf7 Qe5+ 34. Kh3 b5 35. f4 Qc5 36. Qe8+ Kh7 37. Qe4+ Kh8 38. Qe8+ Kh7 39.
Qe4+ Kh8 40. Qe8+ Kh7 1/2-1/2

[Event "Int. Championship of Central Serbia - OP"]
[Site "Paracin"]
[Date "2011.07.09"]
[Round "3.21"]
[White "Milenkovic, Jelena"]
[Black "Djuretanovic, Ivan"]
[Result "0-1"]
[WhiteElo "1562"]
[BlackElo "2077"]
[PlyCount "48"]
[EventDate "2011.07.08"]

1. e4 e5 2. Nf3 Nc6 3. Bb5 a6 4. Bxc6 dxc6 5. h3 f6 6. Nc3 Bc5 7. d3 Be6 8. O-O
Ne7 9. Be3 Qd6 10. Ne2 O-O-O 11. d4 exd4 12. Nfxd4 Qe5 13. f3 Nf5 14. Bf4 Rxd4
15. Bxe5 Rxd1+ 16. Kh2 Rxa1 17. Rxa1 fxe5 18. exf5 Bxf5 19. c3 Rd8 20. Ng3 Bg6
21. b4 Be3 22. a3 Bf4 23. Re1 Rd3 24. h4 Bf5 0-1

[Event "Int. Championship of Central Serbia - OP"]
[Site "Paracin"]
[Date "2011.07.09"]
[Round "3.22"]
[White "Arandjelovic, Aleksandar Z"]
[Black "Kroselj, Lucija"]
[Result "1-0"]
[WhiteElo "2065"]
[BlackElo "1553"]
[PlyCount "73"]
[EventDate "2011.07.08"]

1. d4 d5 2. c4 e6 3. Nc3 Nf6 4. cxd5 exd5 5. Bg5 Be7 6. e3 Nbd7 7. Qc2 h6 8.
Bf4 O-O 9. Bd3 c5 10. Nf3 c4 11. Bf5 a6 12. a4 Bb4 13. O-O Re8 14. Nd2 Nb6 15.
Be5 Qe7 16. Rfe1 a5 17. f3 Bd6 18. f4 Bb4 19. Re2 Rd8 20. g4 Ne8 21. Bxc8 Raxc8
22. f5 Qg5 23. h3 Nd6 24. Rf1 Bxc3 25. bxc3 Rd7 26. f6 gxf6 27. Rxf6 Rc6 28.
Nf3 Qg7 29. Rxd6 Qf8 30. Rxc6 bxc6 31. Qf5 Qe7 32. Rb2 Rb7 33. g5 h5 34. g6
fxg6 35. Qxg6+ Kf8 36. Ng5 c5 37. Rf2+ 1-0

[Event "Int. Championship of Central Serbia - OP"]
[Site "Paracin"]
[Date "2011.07.09"]
[Round "3.23"]
[White "Pavlic, Petra"]
[Black "Zivanovic, Miroslav"]
[Result "0-1"]
[WhiteElo "1547"]
[BlackElo "2064"]
[PlyCount "84"]
[EventDate "2011.07.08"]

1. d4 Nf6 2. Nf3 c5 3. e3 cxd4 4. exd4 g6 5. Bd3 Bg7 6. b3 O-O 7. Bb2 d6 8.
Nbd2 Nc6 9. O-O Nb4 10. Be2 Nbd5 11. c4 Nf4 12. Re1 Nxe2+ 13. Qxe2 Re8 14. Rad1
Bf5 15. h3 h5 16. Nh4 Bd7 17. Qd3 a6 18. f4 e6 19. Nhf3 b5 20. Ng5 Bc6 21. Qg3
Nh7 22. Nge4 Rb8 23. Ba1 Nf6 24. Re3 Nxe4 25. Nxe4 Bxe4 26. Rxe4 bxc4 27. bxc4
d5 28. cxd5 Qxd5 29. Re3 Qxa2 30. Qe1 Rec8 31. Re2 Rc2 32. Rxc2 Qxc2 33. Rc1
Qf5 34. Qf1 a5 35. Kh2 Bh6 36. g3 h4 37. Rc5 hxg3+ 38. Kxg3 Rb3+ 39. Bc3 Qe4
40. Rc8+ Kh7 41. Rc7 Qe3+ 42. Qf3 Bxf4+ 0-1

[Event "Int. Championship of Central Serbia - OP"]
[Site "Paracin"]
[Date "2011.07.09"]
[Round "3.24"]
[White "Drobne, Marjan"]
[Black "Rozman, Monika"]
[Result "1-0"]
[WhiteElo "2060"]
[BlackElo "1528"]
[PlyCount "53"]
[EventDate "2011.07.08"]

1. e4 e5 2. Nf3 Nc6 3. d4 exd4 4. Bc4 Nf6 5. e5 Ne4 6. Qe2 Bb4+ 7. c3 dxc3 8.
O-O Nc5 9. Bg5 Ne7 10. Bxf7+ Kf8 11. bxc3 Ba5 12. Bc4 h6 13. Nd4 Ke8 14. Qf3
Ne6 15. Be3 g6 16. Rd1 Rf8 17. Qh3 Nxd4 18. Rxd4 d5 19. Qxh6 Bb6 20. Rd1 Bg4
21. f3 dxc4 22. Rxd8+ Rxd8 23. Na3 Be6 24. Bxb6 axb6 25. Nb5 Rd7 26. Nd4 Bf7
27. e6 1-0